“农家乐/农家院/农庄”地点数量≥1000的地级行政区 Prefectures with ≥1000 "Nongjiale" sites - Statistics

General Stats
  • This quiz has been taken 40 times
  • The average score is 17 of 28
Answer Stats
地级行政区 数量 % Correct
重庆 7191
97%
北京 6350
97%
成都 4217
97%
上海 2510
97%
广州 1411
97%
杭州 2730
94%
苏州 2137
94%
长沙 1664
89%
天津 3202
86%
西安 1525
86%
昆明 1124
86%
南京 1070
86%
宁波 1036
86%
温州 1052
74%
金华 1112
60%
湖州 1723
54%
保定 2312
49%
惠州 1254
40%
张家口 1110
40%
承德 2166
37%
丽水 1020
37%
临沂 1056
29%
宣城 1164
23%
恩施 1427
17%
遵义 1628
14%
宜昌 1593
14%
伊犁 1041
6%
葫芦岛 1015
3%
No matching quizzes found
Score Distribution
Percent of People with Each Score
Percentile by Number Answered
Your Score History
You have not taken this quiz